• 首页
  • 本馆介绍
  • 公告通知
  • 最新文献
  • 馆藏检索
  • 电子资源
  • 读者导购
  • 参考咨询
  • 我的图书馆
  • 登录
  • 详细信息显示
  • 放入我的书架
  • 预约/预借图书
  • 作者相关作品
  • 分类相关作品
  • 丛书相关作品
  • 出版社相关作品

书目信息

  • 表格格式
  • 工作单格式
  • 卡片格式
题名:
水生生态毒理学实验
    
 
作者: 宋志慧 编
分册:  
出版信息: 北京   化学工业出版社  2008
页数: 76页
开本: 24cm
丛书名:
单 册:
中图分类: Q178.1
科图分类:
主题词: 水生生物学--生态学--毒理学--实验 , 水生生物学 , 生态学 , 毒理学
电子资源:
ISBN: 978-7-122-02971-3
000 00920nam0 2200265 45
001 1050935703
005 20100420092541.93
010    @a978-7-122-02971-3@dCNY18.00
100    @a20100409d2008 ekmy0chiy0120 ea
101 0  @achi
102    @aCN@b110000
105    @aa z 000yy
106    @ar
200 1  @a水生生态毒理学实验@AShui Sheng Sheng Tai Du Li Xue Shi Yan@f宋志慧编@FSong Zhi Hui Bian
210    @a北京@c化学工业出版社@d2008
215    @a76页@c图@d24cm
330    @a本书介绍了水生生态毒理学实验中,浮萍、颤蚓、摇蚊幼虫、淡水螺的应用和实验方法,介绍了这些物种的生物学特点及在实验室进行培养的方法以及各物种的毒性实验方法,包括各种生理生化指标的测定等。
606 0  @a水生生物学@x生态学@x毒理学@x实验
606 0  @a水生生物学
606 0  @a生态学
606 0  @a毒理学
690    @aQ178.1@v4
701  0 @a宋志慧@ASong Zhi Hui@4编
801  0 @aCN@bTANGWEI@c20100420
905    @b0591917-21@dQ178.1@e156@f5
    
    水生生态毒理学实验/宋志慧编.-北京:化学工业出版社,2008
    76页:图;24cm
    
    
    ISBN 978-7-122-02971-3:CNY18.00
    本书介绍了水生生态毒理学实验中,浮萍、颤蚓、摇蚊幼虫、淡水螺的应用和实验方法,介绍了这些物种的生物学特点及在实验室进行培养的方法以及各物种的毒性实验方法,包括各种生理生化指标的测定等。
●
相关链接 在E读中查询图书 在五车中查询图书 在当当中查询图书 在豆瓣中查询图书


正题名:水生生态毒理学实验     索取号:Q178.1/156         预约/预借

序号 登录号 条形码 馆藏地/架位号 状态 备注
1 0591917   205919176   第二样本阅览室/ [索取号:Q178.1/156] 在馆    
2 0591918   205919185   第三借阅区/ [索取号:Q178.1/156] 在馆    
3 0591919   205919194   第三借阅区/ [索取号:Q178.1/156] 在馆    
4 0591920   205919201   第三借阅区/ [索取号:Q178.1/156] 在馆    
5 0591921   205919210   密集书库-生命科学系/ [索取号:Q178.1/156] 在馆    
唐山师范学院图书馆 欢迎您!
大连网信软件有限公司© 版权所有